Aplikácia požiarnotechnických charakteristík plastov v praxi = Application fire-technical characteristic in practice : Diplomová práca

Saved in:
Bibliographic Details
Main Author: Kajanová, Zuzana (Author)
Other Authors: Balog, Karol, 1949- (xxx)
Format: Manuscript Book
Language:Slovak
Published: Bratislava : STU v Bratislave MtF KEBI, 2007
Subjects:
Tags: Add Tag
No Tags, Be the first to tag this record!

MARC

LEADER 00000ntm a22000003a 4500
001 stu142692
005 20160719155552.8
008 070626s2007----xo------------------slo-d
040 |a STU  |b slo 
041 0 |a slo 
044 |a xo 
100 1 |a Kajanová, Zuzana  |4 aut 
245 1 |a Aplikácia požiarnotechnických charakteristík plastov v praxi = Application fire-technical characteristic in practice :  |b Diplomová práca 
260 |a Bratislava :  |b STU v Bratislave MtF KEBI,  |c 2007 
300 |a 110 s  |c príl (1 CD-ROM) 
500 |a Program: Environmentálne a bezpečnostné inžinierstvo 
650 7 |a požiarnotechnické charakteristiky materiálov  |2 stusub 
650 7 |a plasty  |2 stusub 
700 1 |a Balog, Karol,  |d 1949-  |4 xxx  |u M5000  |U MTF Materiálovotechnologická fakulta  |T MTF Ústav bezpečnosti, environmentu a kvality  |X 243  |U M5000  |Y 85  |7 A000000243 
996 |b 284M076355  |c M*DP-6610  |l MMSKP  |s P  |a 0  |w stu142692_0001